00998nam a2200265Ia 4500001001100000003000800011006001900019007001500038008004100053040002100094035002100115050002300136100001500159245009000174260004400264300001000308533015200318650003200470650002500502655002900527700001900556710001700575856012500592999001500717ebr5000523CaPaEBRm u cr cn|||||||||010511s2001 vau s 000 0 eng d aCaPaEBRcCaPaEBR a(OCoLC)45059093614aPA3893b.O6 2001eb0 aAristotle.10aOn interpretationh[electronic resource] /cby Aristotle; translated by E.M. Edghill. aBlacksburg, VA :bVirginia Tech,c2001. a20 p. aElectronic reproduction.bPalo Alto, Calif. :cebrary,d2010.nAvailable via World Wide Web.nAccess may be limited to ebrary affiliated libraries. 0aLogicvEarly works to 1800. 0aPhilosophy, Ancient. 7aElectronic books.2local1 aEdghill, E. M.2 aebrary, Inc.40uhttp://site.ebrary.com/lib/rucke/Doc?id=5000523zAn electronic book accessible through the World Wide Web; click to view c2859d2859